Statistics for Premier League Players 2020/21 By Name - O

Click here to take the quiz!

General Stats

  • This quiz has been taken 37 times
    (28 since last reset)
  • The average score is 7 of 12

Answer Stats

ClubNationPositionPlayer% Correct
LiverpoolBelgiumFWDivock Origi
100%
West Ham UnitedItalyDFAngelo Ogbonna
92%
EvertonSwedenGKRobin Olsen
92%
ArsenalNorwayMFMartin Odegaard
83%
LiverpoolEnglandMFAlex Oxlade-Chamberlain
50%
West Bromwich AlbionIrelandDFDara O'Shea
50%
SouthamptonIrelandFWMichael Obafemi
50%
Sheffield UnitedEnglandDFBen Osborn
42%
Sheffield UnitedEnglandDFJack O'Connell
33%
FulhamBelgiumDFDenis Odoi
25%
FulhamEnglandMFJosh Onomah
25%
WolvesUnited StatesMFOwen Otasowie
25%

Score Distribution

Percentile by Number Answered

Percent of People with Each Score

Your Score History

You have not taken this quiz since the last reset